Perjalanan yang panjang

Bibliographic Details
Main Author: WS. Uzala
Format: Book
Published: Petaling Jaya : Sama Publications & Distributors Sdn. Bhd. , 2010
Series:Siri novel kusanggup berkorban
Subjects:

MARC

LEADER 00000cam a2200000 7i4500
001 0000139708
005 20100520.0
020 |a 9789675084867 
090 0 0 |a JF   |b WSU 
100 0 |a WS. Uzala 
245 1 0 |a Perjalanan yang panjang   |c WS. Uzala 
260 |a Petaling Jaya :   |b Sama Publications & Distributors Sdn. Bhd. ,   |c 2010 
300 |a 180p. ;   |c 19cm. 
490 0 |a Siri novel kusanggup berkorban 
650 0 0 |a Children's stories, Malay 
999 |a 00233679   |b BUKU   |c PINJAMAN   |e PERPUSTAKAAN KOMUNITI PETALING JAYA 
999 |a 00233680   |b BUKU   |c PINJAMAN   |e PERPUSTAKAAN KOMUNITI CAW KOTA DAMANSARA 
999 |a 00277693   |b BUKU   |c PINJAMAN   |e PERPUSTAKAAN KOMUNITI CAW TAMAN MEDAN